| 000 | 01434cam0 2200349 ib4500 | ||
|---|---|---|---|
| 001 | BY-MI0001-br8961819 | ||
| 010 |
^a978-5-222-44605-8 ^bв переплете ^d10.00 р. |
||
| 035 | ^a(BY-MI0001)BY-MI0001-br8961819 | ||
| 100 | ^a20260216d2025 c y0rusy50 ca | ||
| 101 | 0 | ^arus | |
| 102 | ^aRU | ||
| 105 | ^aa z 000oy | ||
| 109 | ^ama | ||
| 200 | 1 |
^aАзбука чувств и эмоций ^e[сказка ^eдля младшего школьного возраста] ^fЕкатерина Кес |
|
| 205 | ^a9-е изд. | ||
| 210 |
^aРостов-на-Дону ^cФеникс ^d2025 |
||
| 215 |
^a63 с. ^cцв. ил., портр. ^d26 см |
||
| 306 | ^aНа обложке: Феникс-Премьер | ||
| 333 | ^a0+ | ||
| 345 | ^950 050 экз. | ||
| 606 |
^aРУССКАЯ ЛИТЕРАТУРА ^3BY-NLB-ar28702 ^2DVNLB |
||
| 606 |
^aХУДОЖЕСТВЕННАЯ ЛИТЕРАТУРА ^3BY-NLB-ar37179 ^2DVNLB |
||
| 608 |
^aДЕТСКАЯ И ЮНОШЕСКАЯ ЛИТЕРАТУРА (художеств. произведение) ^3BY-NLB-ar9019 ^2BYGNR |
||
| 608 |
^aСКАЗКА ^3BY-NLB-ar30342 ^2BYGNR |
||
| 686 |
^a84(2=411.2)6 мл. ^2rubbk |
||
| 690 |
^a1 ^2Base ^9BY-MI0001 ^xRSEK |
||
| 700 | 1 |
^aКес ^bЕ. ^gЕкатерина ^cпсихолог ^3BY-SEK-ar14173771 |
|
| 801 | 0 |
^aBY ^bBY-MI0001 ^c20260216 ^gRCR |
|
| 899 | 0 |
^aBY-MI0001 ^iК36 ^h84 |
|